| 000 | 00887cam a2200289 4500 | ||
|---|---|---|---|
| 999 |
_c7739 _d7739 |
||
| 001 | 7739 | ||
| 003 | BD-JhCC | ||
| 005 | 20181006175400.0 | ||
| 008 | 710301s1970 mau b 00010 eng | ||
| 035 | _a(BD-JhCC)7739 | ||
| 040 |
_aANL _dANL _dBD-JhCC |
||
| 041 | _aeng | ||
| 050 | 0 | 0 |
_aPN61 _b.S8 |
| 082 | 0 | 0 |
_a807 _bSTE 1970 |
| 100 | 1 |
_aStevens, Richard, _d1928- |
|
| 245 | 1 | 0 |
_aReading, discussing and writing about The great books / _c[by] Richard Stevens [and] Thomas J. Musial. |
| 260 |
_aBoston, _bHoughton Mifflin _c[1970] |
||
| 300 |
_axix, 172 p. _c21 cm. |
||
| 500 | _aTitle on spine: The Great Books. | ||
| 504 | _aIncludes bibliographical references. | ||
| 650 | 0 |
_aLiterature _xStudy and teaching. |
|
| 700 | 1 | _aMusial, Thomas J., | |
| 730 | 1 | _aGreat books of the Western World. | |
| 740 | 0 | 1 | _aGreat Books. |
| 942 |
_2ddc _cBK |
||